| 000 | 00507nam a22001577a 4500 | ||
|---|---|---|---|
| 999 |
_c535281 _d535281 |
||
| 020 | _qHard Cover. | ||
| 082 | _a621 | ||
| 100 | _aZafar, Saqib | ||
| 245 |
_aAutonomous Shape and Best Grip Determination for upper limb prosthetics / _cSaqib Zafar. |
||
| 260 |
_aIslamabad: _bCEME NUST, _c2016. |
||
| 300 |
_a66 p. : _bill. ; _c30cm. |
||
| 942 |
_2ddc _cTHE |
||
| 650 |
_aMechatronics Engineering MS-Thesis. _916096 |
||
| 700 | _6Dr. Mohsin Islam Tiwana | ||